| 000 | 00403cam a2200169ua 4500 | ||
|---|---|---|---|
| 001 | 2804 | ||
| 008 | 140104n II |||gr||||Z||||||asm | ||
| 040 | _aMAIN | ||
| 041 | _aEnglish | ||
| 082 | _a920 DAS | ||
| 100 | _aDAS, KALISARAN. | ||
| 245 | _aIMANUEL KANT | ||
| 260 |
_aGUWAHATI _bAXOM PRAKASHAN PARISHAD _c1982. |
||
| 300 |
_a131: _c20CM. |
||
| 653 | _aBiography, genealogy & insignia | ||
| 942 | _cBK | ||
| 999 |
_c2798 _d2798 |
||